Геральдика (Запись № 1276066)

Подробности
000 -МАРКЕР
контрольное поле 01199nam0a2200325 4500
001 - ИДЕНТИФИКАТОР ЗАПИСИ
контрольное поле RU\NLR\bibl\1130422
005 - ИДЕНТИФИКАТОР ВЕРСИИ
контрольное поле 20260406080614.0
010 ## - МЕЖДУНАРОДНЫЙ СТАНДАРТНЫЙ НОМЕР КНИГИ (ISBN)
Номер (ISBN) 5-271-06884-6
Уточнения Астрель
010 ## - МЕЖДУНАРОДНЫЙ СТАНДАРТНЫЙ НОМЕР КНИГИ (ISBN)
Номер (ISBN) 5-17-019779-9
Уточнения АСТ
035 ## - ДРУГИЕ СИСТЕМНЫЕ НОМЕРА
Идентификатор записи (NLR Aleph) 001117342
100 ## - ДАННЫЕ ОБЩЕЙ ОБРАБОТКИ
Данные общей обработки 20070919d2003 |||y0rusy50 ca
101 1# - ЯЗЫК РЕСУРСА
Язык текста, звукозаписи и т.д. русский
Язык оригинала французский
102 ## - СТРАНА ПУБЛИКАЦИИ ИЛИ ПРОИЗВОДСТВА
Страна публикации Российская Федерация
105 ## - ПОЛЕ КОДИРОВАННЫХ ДАННЫХ: ТЕКСТОВЫЕ МАТЕРИАЛЫ, МОНОГРАФИЧЕСКИЕ
Кодированные данные о монографическом текстовом документе a |||||||||
200 1# - ЗАГЛАВИЕ И СВЕДЕНИЯ ОБ ОТВЕТСТВЕННОСТИ
Основное заглавие Геральдика
Сведения, относящиеся к заглавию [геральдические образы. Фигуры геральдики]
Первые сведения об ответственности Мишель Пастуро
Последующие сведения об ответственности [пер. с фр. А. Кавтанская]
210 ## - ПУБЛИКАЦИЯ, РАСПРОСТРАНЕНИЕ И ДР.
Место издания, распространения и т.д. Москва
Имя издателя, распространителя и т. д. Астрель
-- АСТ
Дата издания, распространения и т.д. 2003
215 ## - ФИЗИЧЕСКАЯ ХАРАКТЕРИСТИКА
Специфическое обозначение материала и объем 144 с.
Другие сведения о физической характеристике ил., цв. ил., портр.
Размеры 18
225 1# - СЕРИЯ
Основное заглавие серии Открытие
Наименование части Традиции
320 ## - ПРИМЕЧАНИЯ О НАЛИЧИИ В ДОКУМЕНТЕ БИБЛИОГРАФИИ / УКАЗАТЕЛЯ
Текст примечания Указ.: с. 137-143
320 ## - ПРИМЕЧАНИЯ О НАЛИЧИИ В ДОКУМЕНТЕ БИБЛИОГРАФИИ / УКАЗАТЕЛЯ
Текст примечания Др. произведения авт. на 10-й с.
606 1# - НАИМЕНОВАНИЕ ТЕМЫ КАК ПРЕДМЕТ
Наименование темы Геральдика
Системный номер авторитетной/нормативной записи 1188771
Идентификатор авторитетной/нормативной записи RU\NLR\auth\66161610
686 ## - ИНДЕКСЫ ДРУГИХ КЛАССИФИКАЦИЙ
Индекс Т215
700 #1 - ИМЯ ЛИЦА - ПЕРВИЧНАЯ ОТВЕТСТВЕННОСТЬ
Код отношения Автор
Графика поля Кириллица
Материалы, к которым относится поле rus
Начальный элемент ввода Пастуро
Часть имени, кроме начального элемента ввода М.
Даты 1947-
Расширение инициалов личного имени Мишель
Идентификатор авторитетной/нормативной записи RU\NLR\AUTH\770213444
Системный номер авторитетной/нормативной записи 213388
801 #0 - ИСТОЧНИК ЗАПИСИ
Страна Российская Федерация
Организация NLR
Дата составления 20070919
Правила каталогизации RCR
801 #1 - ИСТОЧНИК ЗАПИСИ
Страна Российская Федерация
Организация NLR
Дата составления 20070919
942 ## - ДОПОЛНИТЕЛЬНЫЕ ЭЛЕМЕНТЫ ЗАПИСИ (АБИС)
Тип экземпляра АБИС Книга
980 ## - КОЛЛЕКЦИЯ
Название коллекции Национальная библиография
Экземпляры
Тип экземпляра Дата поступления Источник поступления Стоимость Библиотека постоянного хранения Библиотека текущего хранения Место хранения Шифр хранения Штрих-код Статус экземпляра
Книга 19.09.2007 Покупка СТ 285.00 РНБ (Московский) РНБ (Московский) Русский книжный фонд: издания с 1957 года 2007-3/26000 1-587811  
Книга 29.06.2020 Покупка СТ 300.00 РНБ (Московский) РНБ (Московский) Русский книжный фонд: издания с 1957 года 2007-3/26000 1-3043183